| 000 | 01194nam a2200277 i 4500 | ||
|---|---|---|---|
| 001 | 18917 | ||
| 003 | ES-MaACL | ||
| 005 | 20250807233240.0 | ||
| 007 | t| | ||
| 008 | 020409s2001 sp ||||0| spa j | ||
| 020 | _a84-451-2070-0 | ||
| 040 |
_aM-BN _bspa _cM-BN |
||
| 080 | _a351.764(100)(063) | ||
| 080 | _a343.545(100)(063) | ||
| 111 | 2 |
_aSimposio Internacional sobre Prostitución y Tráfico de Mujeres con Fines de Explotación Sexual ( _d2000. _cMadrid) _91082 |
|
| 245 | 1 | 0 |
_aSimposio Internacional sobre Prostitución y Tráfico de Mujeres con Fines de Explotación Sexual _b: (Actas) : Madrid, 26, 27, 28 de junio 2000. |
| 260 |
_aMadrid : _bDirección General de la Mujer, Consejería de Servicios Sociales, _c2001. |
||
| 300 |
_a387 p ; _c22 cm. |
||
| 490 | 1 |
_aPublicaciones/DGM, Dirección General de la Mujer ; _v22 |
|
| 650 | 1 | 4 |
_aProstitución- _vCongresos y asambleas. _916508 |
| 650 | 1 | 4 |
_aTrata de blancas- _vCongresos y asambleas. _917641 |
| 710 | 1 |
_aMadrid (Comunidad Autónoma). _bDirección General de la Mujer. _95615 |
|
| 830 | 0 | 0 |
_aDGM, Dirección General de la Mujer _v22 _9228545 |
| 852 |
_aES-MaACL _jL-25393 _bR.131149 |
||
| 999 |
_c18917 _d18917 |
||